000 00655nam a2200205Ia 4500
003 GCL
008 140319s9999 xx 000 0 ara d
040 _aGCL /
_cGCL
082 0 4 _a811.94
_bم م
100 1 _aمحمد بنيس
245 1 0 _aمواسم الشرق يليها مسكن لدكنة الصباح /
_cمحمد بنيس
260 _a[S.N] :
_bدار نويقال للنشر ،
_c1990
300 _a126 م
490 _aنصوص ادبية
_v0
650 0 4 _aالشعر العربى
650 0 4 _aالادب العربى
650 0 4 _aالشعر الحر
650 0 4 _aالشعر العربى - العصر الحديث
942 _2ddc
_cBK
999 _c37386
_d37386